000 01022nam a2200457Ia 4500
001 11936
003 23393
005 20240715172602.0
008 ||||||n9999 ||| || ||
041 _aspa
082 _219
_a940.2
100 _aParry, John Horace
_919397
245 0 _aEuropa y la expansión del mundo
_b1415-1715
250 _aSegunda edición en español
260 _aMéxico :
_bFondo de Cultura Económica,
_c1949.
300 _a277p.
500 _aIncluye índice analítico
562 _e4
650 _aEUROPA--HISTORIA--1415-1715
_919866
942 _cBKM
999 _c11936
_d11936
526 _a
526 _a17598
526 _a102617
526 _a102618
526 _a15794
526 _a102619
526 _a1703
526 _a102620
526 _a10406
526 _a105630
526 _a1698
526 _a116204
526 _a51868
526 _a4969
526 _a19790
526 _a104436
526 _a5144
526 _a1697
526 _a3899
526 _a9683